[Event "Isolated Queens Internet op 2nd"]
[Site "Chess.com INT"]
[Date "2020.05.02"]
[Round "5"]
[White "Root, Alexey"]
[Black "Fransson, Pia"]
[Result "1-0"]
[WhiteElo "2025"]
[BlackElo "1516"]
[PlyCount "53"]
[EventDate "2020.05.02"]
[EventType "swiss"]
[EventRounds "10"]
[EventCountry "USA"]
[SourceTitle "CBM 195 Extra"]
[Source "ChessBase"]
[SourceDate "2020.05.31"]
[SourceVersion "1"]
[SourceVersionDate "2020.05.31"]
[SourceQuality "1"]

1. d4 Nf6 2. Nf3 d6 3. c4 g6 4. Nc3 Bg7 5. e4 0-0 6. Bg5 h6 7. Be3 Nbd7 8. Qd2 Ng4 9. 0-0-0 Nxe3 10. Qxe3 c5 11. h4 cxd4 12. Nxd4 Nc5 13. h5 g5 14. f4 Bg4 15. Be2 Bxe2 16. Ndxe2 Ne6 17. fxg5 Nxg5 18. g4 Qc7 19. Qd3 Rac8 20. b3 b5 21. Nxb5 Qb6 22. Kb1 a6 23. Nbc3 Qc6 24. Qd5 Qxd5 25. exd5 Rc7 26. Nd4 Rb8 27. Kc2 1-0

[Event "Politiken Cup 37th"]
[Site "Helsingor"]
[Date "2015.07.25"]
[Round "1"]
[White "Fransson, Pia"]
[Black "Lund, Per"]
[Result "0-1"]
[WhiteElo "1511"]
[BlackElo "2029"]
[PlyCount "82"]
[EventDate "2015.07.25"]
[EventType "swiss"]
[EventRounds "10"]
[EventCountry "DEN"]
[SourceTitle "CBM 167 Extra"]
[Source "ChessBase"]
[SourceDate "2015.09.14"]
[SourceVersion "1"]
[SourceVersionDate "2015.09.14"]
[SourceQuality "1"]

1. d4 d5 2. Nf3 Nf6 3. c4 e6 4. g3 Be7 5. Bg2 0-0 6. 0-0 Nbd7 7. Qc2 b6 8. cxd5 exd5 9. Rd1 Bb7 10. Nbd2 Rc8 11. Ne5 c5 12. Ndf3 cxd4 13. Qa4 Nc5 14. Qxd4 Ne6 15. Qa4 a6 16. b4 b5 17. Qb3 Ne4 18. Be3 Rc3 19. Qb2 Qc7 20. Rac1 Rc8 21. Rxc3 Qxc3 22. Qxc3 Nxc3 23. Rd3 Nxa2 24. Nxf7 Nxb4 25. Bh3 Kxf7 26. Ne5+ Ke8 27. Bxe6 Nxd3 28. Bxc8 Bxc8 29. Nxd3 b4 30. Kf1 b3 31. Bd4 Bf6 32. e3 Bf5 33. Nb2 Bxd4 34. exd4 Kd7 35. Ke1 Kc6 36. Kd2 Kb5 37. Kc3 Bc2 38. f4 a5 39. g4 a4 40. h4 a3 41. g5 a2 0-1

[Event "Koge Xtracon op"]
[Site "Koge"]
[Date "2013.10.18"]
[Round "5"]
[White "Olsen, Michael Richard W"]
[Black "Fransson, Pia"]
[Result "1-0"]
[WhiteElo "1967"]
[BlackElo "1558"]
[PlyCount "115"]
[EventDate "2013.10.14"]
[EventType "swiss"]
[EventRounds "9"]
[EventCountry "DEN"]
[SourceTitle "EXT 2014"]
[Source "ChessBase"]
[SourceDate "2013.11.20"]
[SourceVersion "1"]
[SourceVersionDate "2013.11.20"]
[SourceQuality "1"]

1. e4 c5 2. Nf3 d6 3. Bc4 Nf6 4. Nc3 g6 5. e5 Ng4 6. exd6 Qxd6 7. Nb5 Qb6 8. Qe2 a6 9. Nc3 Nc6 10. h3 Nf6 11. d3 Na5 12. 0-0 Nxc4 13. dxc4 Bg7 14. Be3 0-0 15. Rab1 Bd7 16. b4 Qc7 17. bxc5 Bc6 18. Nd4 Nd7 19. Nxc6 Qxc6 20. Nd5 Rfe8 21. Nb6 Rad8 22. Nxd7 Rxd7 23. Rb6 Qe4 24. Rd1 Red8 25. Rxd7 Rxd7 26. Qg4 Qxg4 27. hxg4 Rc7 28. Kf1 Kf8 29. Ke2 Ke8 30. Kf3 Kd7 31. Ke4 Kc8 32. g5 e6 33. c6 Rxc6 34. Rxc6+ bxc6 35. Bc5 Kd7 36. g4 e5 37. Bb4 Ke6 38. Bc3 f5+ 39. gxf6 Bxf6 40. Bd2 h5 41. gxh5 gxh5 42. f3 h4 43. f4 h3 44. f5+ Ke7 45. Kf3 e4+ 46. Kg3 h2 47. Kxh2 Kd6 48. Kg3 Kc5 49. Kf4 Kd4 50. Be3+ Kxc4 51. Kxe4 c5 52. Bd2 Kb5 53. Kd5 c4 54. Ke6 c3 55. Bc1 Bd4 56. f6 Bc5 57. f7 Ka4 58. Kd7 1-0